000 00306nam a22001337a 4500
008 170401b xxu||||| |||| 00| 0 eng d
020 _a0716707218
041 _aeng
080 _22ND
_a574
100 _a9
101 _aSHM
245 _aCOMPARATIVE MORPHOLOGY OF VASCULAR PLANTS
_cFOSTER
942 _2udc
_cBK
999 _c9429
_d9429